Symbolic interaction

Detalles Bibliográficos
Formato: Electrónico Revista
Lenguaje:inglés
Publicado: Berkeley, CA : University of California Press
Materias:
Acceso en línea:Full text available from Research Library: 02/01/2000 to 10/31/2011

MARC

LEADER 00000nas a22000007a 4500
001 ssj0002418
003 WaSeSS
005 20200512172242.0
006 m d
007 cr n
008 010216c19779999cauqr p s o 0 a0eng c
010 |a  2001214636 
015 |a GBB351325  |2 bnb 
016 7 |a 016064505  |2 Uk 
022 |a 1533-8665  |l 0195-6086  |y 0195-6086 
035 |a (WaSeSS)ssj0002418 
037 |b University of California Press, 2000 Center St., Ste. 303, Berkeley, CA 94704-1223  |c $185.00 (institution) 
040 |a NSD  |b eng  |c NSD  |d OCLCQ  |d NSD  |d OCLCQ  |d F#A  |d EXW  |d OCLCQ  |d MUQ  |d KSU  |d OCLCQ  |d EYM  |d UKMGB  |d OCLCQ  |d OCLCF  |d OCLCQ  |d QE2  |d NLE  |d LND  |d AU@  |d OCLCO  |d VT2  |d OCLCQ  |d NJT  |d WaSeSS 
042 |a nsdp  |a pcc 
050 1 4 |a HM1  |b .S96 
082 1 0 |a 302  |2 13 
130 0 |a Symbolic interaction (Online) 
222 0 |a Symbolic interaction  |b (Berkeley, Calif. : Online) 
245 1 0 |a Symbolic interaction  |h [electronic resource]. 
260 |a Berkeley, CA :  |b University of California Press 
310 |a Quarterly 
362 1 |a Print began with vol. 1, no. 1 (fall 1977). 
506 |a License restrictions may limit access. 
538 |a Mode of access: World Wide Web. 
588 |a Description based on: Vol. 24, no. 1 (winter 2001) (viewed Apr. 26, 2004). 
588 |a Latest issue consulted: Vol. 33, No. 3 (summer, 2010) (JSTOR, viewed Dec. 18, 2010). 
650 0 |a Symbolic interactionism  |v Periodicals. 
650 6 |a Interactionnisme symbolique  |v Périodiques. 
650 7 |a Symbolic interactionism.  |2 fast  |0 (OCoLC)fst01140745 
655 0 |a Electronic journals. 
776 0 8 |i Print version:  |t Symbolic interaction  |x 0195-6086  |w (DLC) 79644230  |w (OCoLC)5025923 
856 4 0 |z Full text available from Research Library: 02/01/2000 to 10/31/2011  |u https://search.proquest.com/publication/31752